LEADER 01366nam a2200277 i 4500 001 991003984579707536 005 20020506111909.0 008 960201s1992 at ||| | ger 020 $a3700119631 035 $ab10583336-39ule_inst 035 $aEXGIL130277$9ExL 040 $aBiblioteca Interfacoltà$bita 100 1 $aMarinelli Konig, Gertraud$0470473 245 10$aPolen und Ruthenen in den Wiener Zeitschriften und Almanachen des Vormarz, 1805-1848 :$bversuch einer kristischen Bestandsaufnahme der Beitrage uber Galizien ... /$cGertraud Marinelli-Konig 260 $aWien :$bOsterreichische Akademie der wissenschaften,$c1992 300 $axxv, 638 p., [1] c. di tav. ripieg. ;$c25 cm. 490 0 $aVeroffentlichungen der Kommission fur literaturwissenschaft ;$v13 500 $aNumerazione della serie errata: bd. 599, non bd. 590 come compare in testa al front. 650 4$aPeriodici austriaci$xStoria$y1805-1848 651 4$aAustria - Giudizi sulla Polonia$y1805-1848 907 $a.b10583336$b23-02-17$c27-06-02 912 $a991003984579707536 945 $aLE002 Coll. 2. 133$g1$iLE002-17832N$lle002$o-$pE0.00$q-$rn$so $t0$u0$v0$w0$x0$y.i10667167$z27-06-02 996 $aPolen und Ruthenen in den Wiener Zeitschriften und Almanachen des Vormarz, 1805-1848$9237876 997 $aUNISALENTO 998 $ale002$b01-01-96$cm$da $e-$fger$gat $h0$i1 LEADER 03954 am 2200757 n 450 001 9910580238603321 005 20210708 010 $a2-7351-2581-5 024 7 $a10.4000/books.editionsmsh.36428 035 $a(CKB)5860000000057207 035 $a(FrMaCLE)OB-editionsmsh-36428 035 $a(oapen)https://directory.doabooks.org/handle/20.500.12854/91825 035 $a(PPN)26471282X 035 $a(EXLCZ)995860000000057207 100 $a20220705j|||||||| ||| 0 101 0 $afre 135 $auu||||||m|||| 181 $ctxt$2rdacontent 182 $cc$2rdamedia 183 $acr$2rdacarrier 200 14$aLes mines d?argent du duché de Lorraine au XVIe siècle $eHistoire et archéologie du Val de Lièpvre (Haut-Rhin) /$fJacques Grandemange 210 $aParis $cÉditions de la Maison des sciences de l?homme$d2021 215 $a1 online resource (117 p.) 225 1 $aDocuments d?archéologie française 311 $a2-7351-0437-0 330 $aLa confrontation des données recueillies à partir de sources documentaires aussi différentes que des archives comptables et les vestiges archéologiques d?un système minier, constitue la clef de voûte de cet ouvrage consacré aux Documents d?Archéologie Française mines d?argent du duc de Lorraine dans le Val de Lièpvre entre 1512 et 1628 (Haut-Rhin). Cette démarche originale nous conduit, à travers le dédale d?un réseau complexe de galeries et de puits, vers la découverte non seulement d?une organisation spatiale rationnelle accompagnée de techniques de construction et d?exploitation spécifiques, mais également des conditions économiques et politiques ayant favorisé son développement. Alliant ainsi histoire et archéologie, cette recherche représente pour la connaissance des mines et de ses techniques, un document d?une grande richesse d?informations à l?usage aussi bien des spécialistes que des néophytes. The juxtaposition of data from sources as widely differing as account-books and the archaeological remains of a mining System is the keystone of this work devoted to the bistory of the Duke of Lorraine?s silver mines in the Lièpvre Valley (Haut-Rhin) between 1512 and 1628. This original approach takes us through a labyrinth of shafts and galleries towards the discovery both of a rational spatial organization, using spécifie building and extraction techniques, and of the economic and political conditions which encouraged its development. This study, at the crossroads of bistory and archaeology, constituiez a precious source of informations both for specialists and for newcomers to the bistory of mining and its techniques. 517 $aMines d?argent du duché de Lorraine au XVIe siècle 517 $aMines d’argent du duchà de Lorraine au XVIe siècle 606 $aArchaeology 606 $amine 606 $amétal 606 $aargent 606 $aHaut-Rhin 606 $aVal de Lièpvre 606 $aduché de Lorraine 606 $aFontaine des Chouettes 606 $aerbstoll 606 $aaérage 606 $atechnique minière 610 $amine 610 $amétal 610 $aargent 610 $aHaut-Rhin 610 $aVal de Lièpvre 610 $aduché de Lorraine 610 $aFontaine des Chouettes 610 $aerbstoll 610 $aaérage 610 $atechnique minière 615 4$aArchaeology 615 4$amine 615 4$amétal 615 4$aargent 615 4$aHaut-Rhin 615 4$aVal de Lièpvre 615 4$aduché de Lorraine 615 4$aFontaine des Chouettes 615 4$aerbstoll 615 4$aaérage 615 4$atechnique minière 700 $aGrandemange$b Jacques$0220365 801 0$bFR-FrMaCLE 906 $aBOOK 912 $a9910580238603321 996 $aLes mines d?argent du duché de Lorraine au XVIe siècle$93024979 997 $aUNINA LEADER 03026oam 22007094a 450 001 9910269344903321 005 20240424230146.0 010 $a9798890849694 010 $a9781469637136 010 $a1469637138 010 $a9781469637129 010 $a146963712X 035 $a(CKB)4100000003844792 035 $a(OCoLC)1103689808 035 $a(MdBmJHUP)muse73569 035 $a(ScCtBLL)481f44d2-dfc0-4b57-8758-886ba1641faa 035 $a(oapen)https://directory.doabooks.org/handle/20.500.12854/31122 035 $a(MiAaPQ)EBC31202942 035 $a(Au-PeEL)EBL31202942 035 $a(OCoLC)1021076105 035 $a(Perlego)2329660 035 $a(oapen)doab31122 035 $a(ODN)ODN0003562590 035 $a(EXLCZ)994100000003844792 100 $a20170919d2018 uy 0 101 0 $aeng 135 $aur|||||||nn|n 181 $ctxt$2rdacontent 182 $cc$2rdamedia 183 $acr$2rdacarrier 200 10$a"Are We Not Foreigners Here?"$eIndigenous Nationalism in the Twentieth-Century U.S.-Mexico Borderlands /$fJeffrey M. Schulze 205 $a1st ed. 210 $aChapel Hill, NC$cThe University of North Carolina Press$d2018 210 1$aChapel Hill :$cUniversity of North Carolina Press,$d[2018] 210 4$d©[2018] 215 $a1 online resource (258 pages ) 311 08$a9781469637112 311 08$a1469637111 311 08$a9781469637105 311 08$a1469637103 320 $aIncludes bibliographical references (pages 235-245) and index. 327 $aThe white men came and pretty soon they were all around us : Yaqui, Kickapoo, and Tohono O'odham migrations -- The indigenous race is abandoned : Indian policies -- God gave the land to the Yaquis : the beleaguered Yaqui nation -- Almost immune to change : the Mexican Kickapoo -- We are lost between two worlds : the Tohono O'odham nation -- All the doors are closing and now it's economic survival : federal recognition. 330 $aThis book examines efforts by Indigenous Yaqui, Kickapoo, and Tohono O'odham people to maintain sovereignty and identity by utilizing the unique nature and sociopolitical dynamics of the U.S.-Mexico borderlands. 606 $aNationalism 606 $aTransborder ethnic groups$xPolitics and government 606 $aTohono O'odham Indians$zMexican-American Border Region$xHistory 606 $aKickapoo Indians$zMexican-American Border Region$xHistory 606 $aYaqui Indians$zMexican-American Border Region$xHistory 615 0$aNationalism. 615 0$aTransborder ethnic groups$xPolitics and government. 615 0$aTohono O'odham Indians$xHistory. 615 0$aKickapoo Indians$xHistory. 615 0$aYaqui Indians$xHistory. 676 $a972/.1 686 $aHIS025000$aHIS028000$aHIS036130$2bisacsh 700 $aSchulze$b Jeffrey M.$0955228 801 0$bMdBmJHUP 801 1$bMdBmJHUP 906 $aBOOK 912 $a9910269344903321 996 $a"Are We Not Foreigners Here?"$92160696 997 $aUNINA